10 miast najbliżej Olsztyna - Statystyki

Ogólne statystyki
  • Ten quiz został rozwiązany 89 razy
  • Średni wynik to 6 z 10
Statystyki odpowiedzi
km Miasto % Poprawnych
25,4 Olsztynek
91%
15,0 Barczewo
82%
23,8 Dobre Miasto
79%
35,1 Ostróda
78%
32,5 Biskupiec
62%
28,0 Jeziorany
56%
39,1 Lidzbark Warmiński
56%
39,3 Morąg
47%
25,0 Pasym
43%
37,1 Miłakowo
22%
Nie znaleziono quizów pasujących do podanych kryteriów
Rozkład punktacji
Procent ludzi z każdym wynikiem
Percentyl według liczby udzielonych odpowiedzi
Twoja historia wyników
Nie rozwiązałeś tego quizu